Statistiques concernant One piece par image #3

Cliquez ici pour prendre le quiz!

Statistiques générales

  • Ce quiz a été pris 273 fois
  • Le résultat moyen est 15 sur 20

Statistiques - réponses

Réponse% Correct
shanks
99%
baggy
98%
brook
97%
chopper
96%
jimbei
96%
vivi
95%
bellamy
92%
marco
92%
koby
86%
ivankov
84%
perona
83%
octy
81%
bepo
80%
bartolomeo
77%
pudding
72%
tashigi
66%
raizo
59%
kanjuro
57%
mr 1 et miss doublefinger
19%
mr 3 et miss goldenweek
19%

Distribution des résultats

Percentile par nombre de réponses

% des personnes avec chaque résultat

Votre développement - résultats

Vous n’avez pas pris ce quiz